Normal view
MARC view
- التربية البدنية - التربية الرياضية -التمويل والتاجير
Entry Topical Term
001 - CONTROL NUMBER
- control field: 32007
003 - CONTROL NUMBER IDENTIFIER
- control field: JO-AjAnu
005 - DATE AND TIME OF LATEST TRANSACTION
- control field: 20230606075401.0
008 - FIXED-LENGTH DATA ELEMENTS
- fixed length control field: 230606|| aca||aabn | a|a d
040 ## - CATALOGING SOURCE
- Original cataloging agency: JO-AjAnu
- Transcribing agency: JO-AjAnu
150 ## - HEADING--TOPICAL TERM
- Topical term or geographic name entry element: التربية البدنية - التربية الرياضية -التمويل والتاجير
670 ## - SOURCE DATA FOUND
- Source citation: Work cat.: (JO-AjAnu)16437: الشافعي، حسن أحمد, author 32006, الموسوعة الاقتصادية لاقتصاديات الرياضة: التمويل والتأجير التمويلي في التربية البدنية والرياضية = L, easing Financil In Physical Education and Sport